De vuelta a la economía de la gran depresión / (Registro nro. 5369)
[ vista simple ]
| 000 -LEADER | |
|---|---|
| fixed length control field | 01339nam a2200313Ia 4500 |
| 003 - CONTROL NUMBER IDENTIFIER | |
| control field | OSt |
| 005 - DATE AND TIME OF LATEST TRANSACTION | |
| control field | 20201209162003.0 |
| 008 - FIXED-LENGTH DATA ELEMENTS--GENERAL INFORMATION | |
| fixed length control field | 191128s1999 ck fr 000 0 spa d |
| 020 ## - INTERNATIONAL STANDARD BOOK NUMBER | |
| International Standard Book Number | 9580454213 |
| 040 ## - CATALOGING SOURCE | |
| Original cataloging agency | CO-JMCR |
| Transcribing agency | CO-JMCR |
| 041 1# - LANGUAGE CODE | |
| Language code of text/sound track or separate title | spa |
| Language code of original | eng |
| 082 04 - DEWEY DECIMAL CLASSIFICATION NUMBER | |
| Classification number | 338.542 / |
| Item number | K943d |
| Edition number | 23 |
| 100 1# - MAIN ENTRY--PERSONAL NAME | |
| Personal name | Krugman, Paul, |
| Relator term | autor |
| 9 (RLIN) | 825 |
| 245 10 - TITLE STATEMENT | |
| Title | De vuelta a la economía de la gran depresión / |
| Statement of responsibility, etc. | Paul Krugman ; traducción de Bernardo Recamán Santos |
| 260 ## - PUBLICATION, DISTRIBUTION, ETC. | |
| Place of publication, distribution, etc. | Bogotá : |
| Name of publisher, distributor, etc. | Norma, |
| Date of publication, distribution, etc. | 1999. |
| 300 ## - PHYSICAL DESCRIPTION | |
| Extent | 257 páginas ; |
| Dimensions | 21 cm. |
| 490 0# - SERIES STATEMENT | |
| Series statement | Vitral |
| 500 ## - GENERAL NOTE | |
| General note | Datos biográficos del autor en solapa frontal. |
| 505 0# - FORMATTED CONTENTS NOTE | |
| Formatted contents note | Julio I de 1997 -- Un curso breve sobre milagros: Asia antes de la crisis -- Advertencia ignorada: América Latina, 1995 -- El futuro que no funcionó: Japón en la década de los años noventa -- Todos caen el derrumbe de Asia -- El juego de la confianza |
| 534 ## - ORIGINAL VERSION NOTE | |
| Introductory phrase | The return of depression economics |
| 546 ## - LANGUAGE NOTE | |
| Language note | Traducido del inglés |
| 650 14 - SUBJECT ADDED ENTRY--TOPICAL TERM | |
| Topical term or geographic name entry element | Política económica |
| Chronological subdivision | 1995-1999 |
| 9 (RLIN) | 5732 |
| 650 14 - SUBJECT ADDED ENTRY--TOPICAL TERM | |
| Topical term or geographic name entry element | Crisis económica |
| Chronological subdivision | 1995-1999 |
| 9 (RLIN) | 5733 |
| 651 #4 - SUBJECT ADDED ENTRY--GEOGRAPHIC NAME | |
| Geographic name | Asia |
| General subdivision | condiciones económicas |
| 9 (RLIN) | 5734 |
| 651 #4 - SUBJECT ADDED ENTRY--GEOGRAPHIC NAME | |
| Geographic name | Japón |
| General subdivision | condiciones económicas |
| 9 (RLIN) | 5735 |
| 651 #4 - SUBJECT ADDED ENTRY--GEOGRAPHIC NAME | |
| Geographic name | América Latina |
| General subdivision | política económica |
| Chronological subdivision | 1995 |
| 9 (RLIN) | 5736 |
| 700 1# - ADDED ENTRY--PERSONAL NAME | |
| Personal name | Santos, Bernardo Recamán, |
| Relator term | traductor |
| 9 (RLIN) | 5737 |
| 942 ## - ADDED ENTRY ELEMENTS (KOHA) | |
| Source of classification or shelving scheme | Dewey Decimal Classification |
| Koha item type | Books |
| Withdrawn status | Lost status | Source of classification or shelving scheme | Damaged status | Not for loan | Collection code | Home library | Current library | Date acquired | Source of acquisition | Cost, normal purchase price | Full call number | Barcode | Date last seen | Copy number | Price effective from | Koha item type |
|---|---|---|---|---|---|---|---|---|---|---|---|---|---|---|---|---|
| Dewey Decimal Classification | Non-fiction | Biblioteca Pública José María del Castillo y Rada | Biblioteca Pública José María del Castillo y Rada | 04/15/2018 | Donación | 0.00 | 338.542 / K943d | 430001769 | 05/16/2024 | Ej.1 | 04/15/2018 | Books |